A foundation english course for undergraduates (Record no. 44366)
[ view plain ]
| 000 -LEADER | |
|---|---|
| fixed length control field | 00678nam a2200169Ia 4500 |
| 008 - FIXED-LENGTH DATA ELEMENTS--GENERAL INFORMATION | |
| fixed length control field | 210329s9999||||xx |||||||||||||| ||und|| |
| 020 ## - INTERNATIONAL STANDARD BOOK NUMBER | |
| International Standard Book Number | 0 19 565604 0 |
| 040 ## - CATALOGING SOURCE | |
| Transcribing agency | STCPL |
| 082 ## - DEWEY DECIMAL CLASSIFICATION NUMBER | |
| Classification number | 420 |
| Item number | GUN-A |
| 100 ## - MAIN ENTRY--PERSONAL NAME | |
| Personal name | Kumaradas Shyamala |
| 245 #2 - TITLE STATEMENT | |
| Title | A foundation english course for undergraduates |
| 260 ## - PUBLICATION, DISTRIBUTION, ETC. | |
| Place of publication, distribution, etc. | Madras |
| Name of publisher, distributor, etc. | Oxford University Press, Anna Salai |
| Date of publication, distribution, etc. | 2000 |
| 300 ## - PHYSICAL DESCRIPTION | |
| Extent | 77 |
| 650 ## - SUBJECT ADDED ENTRY--TOPICAL TERM | |
| Topical term or geographic name entry element | English And Anglo-Saxon LanguagesFORCE AND SIGNIFICATION, CAGITO AND THE HISTORY OF MADNESS, EDMOND JABES AND THE QUESTION OF THE BOOK, VIOLENCE AND METAPHYSICS, AN EASY ON THE THOUGHT OF EMMANUEL LEVINAS, LA PAROLE SOUFFLEE, FREUD AND SCENCE O WRITING |
| 942 ## - ADDED ENTRY ELEMENTS (KOHA) | |
| Koha item type | Books |
| 041 ## - LANGUAGE CODE | |
| Language code of original | English |
| Withdrawn status | Lost status | Damaged status | Not for loan | Home library | Current library | Shelving location | Date acquired | Cost, normal purchase price | Total Checkouts | Full call number | Barcode | Date last seen | Price effective from | Koha item type |
|---|---|---|---|---|---|---|---|---|---|---|---|---|---|---|
| ST. THOMAS COLLEGE LIBRARY, PALAI | ST. THOMAS COLLEGE LIBRARY, PALAI | 2021-07-10 | 25.00 | 420 GUN-A | 60228 | 2021-07-10 | 2021-07-10 | Books |
